000
00310nam a22001217a 4500
008
230703b xxu||||| |||| 00| 0 eng d
082
_a
342.16
_b
I618 1999
245
_a
Constitutional & Parliamentary Information
260
_b
Interparliamentary Union
_c
1999
300
_a
63p
440
_n
177
942
_2
ddc
_c
BK
999
_c
3214
_d
3214